The Hitcher II [

General viewing for all ages (U)

Bibliographic Details
Main Author: Morneau, Louis
Format: Book
Published: s.l : Universal Pictures , 2003
Subjects:

MARC

LEADER 00000cam a2200000 7i4500
001 0000086607
005 20040804.0
090 0 0 |a F   |b HIT 
100 1 |a Morneau, Louis 
245 1 4 |a The Hitcher II [  |h video compact disc]   |c Louis Morneau 
260 |a s.l :   |b Universal Pictures ,   |c 2003 
300 |a 2 Video compact disc (110 minutes) :   |b col 
500 |a Library has 2 copies 
520 0 |a General viewing for all ages (U) 
650 0 0 |a Thriller fiction 
999 |a AV 09290   |b VIDEO COMPACT DISC   |c FICTION   |e PERPUSTAKAAN KOMUNITI PETALING JAYA 
999 |a AV 09291   |b VIDEO COMPACT DISC   |c FICTION   |e PERPUSTAKAAN KOMUNITI PETALING JAYA